000 00661nam a2200289Ia 4500
005 20260324144118.0
008 008 260324s9999 xx 000 0 eng d
020 _a9780203741771
037 _aEBOOK
040 _aCRL
040 _beng
040 _cCRL
041 _2eng
041 _aeng
084 _qCRL
100 _a Kimmons
_91218125
245 0 _aProject Management
245 2 _bA Reference for Professionals
260 _bTaylor and Francis
260 _c1989
365 _a
365 _b450
856 _uhttp://www.taylorfrancis.com/books/9780203741771
942 _cEBOOK
999 _c1824332
_d1824332